Industrial organisation and management / (Record no. 128930)

MARC details
000 -LEADER
fixed length control field 00709nam a22002297a 4500
005 - DATE AND TIME OF LATEST TRANSACTION
control field 20170124110048.0
010 ## - LIBRARY OF CONGRESS CONTROL NUMBER
LC control number A-249053
020 ## - INTERNATIONAL STANDARD BOOK NUMBER
Terms of availability 25.00
035 ## - SYSTEM CONTROL NUMBER
System control number A-249053
037 ## - SOURCE OF ACQUISITION
Source of stock number/acquisition Cen Lib/Ret
040 ## - CATALOGING SOURCE
Original cataloging agency DPL
Language of cataloging EN
082 ## - DEWEY DECIMAL CLASSIFICATION NUMBER
Classification number 658
Item number KEN
100 ## - MAIN ENTRY--PERSONAL NAME
Personal name Ken, N.K.
9 (RLIN) 24865
245 ## - TITLE STATEMENT
Title Industrial organisation and management /
Statement of responsibility, etc by N.K. Ken [and] S. Gopinadhan
260 ## - PUBLICATION, DISTRIBUTION, ETC. (IMPRINT)
Place of publication, distribution, etc Delhi
Name of publisher, distributor, etc Geeta publishing house
Date of publication, distribution, etc 1986-87
270 ## - ADDRESS
City New Delhi
Address 4694, Umrao street , Pahari dhiraji
Postal code 110006
300 ## - PHYSICAL DESCRIPTION
Extent various pagings
Dimensions 21cm(Hb)
650 ## - SUBJECT ADDED ENTRY--TOPICAL TERM
Topical term or geographic name as entry element Human resource management
9 (RLIN) 9535
650 ## - SUBJECT ADDED ENTRY--TOPICAL TERM
Topical term or geographic name as entry element Accountings
9 (RLIN) 10020
700 ## - ADDED ENTRY--PERSONAL NAME
Personal name Gopinadhan, S.
9 (RLIN) 24866
942 ## - ADDED ENTRY ELEMENTS (KOHA)
Source of classification or shelving scheme Dewey Decimal Classification
Koha item type English Books
Classification part 658
Call number suffix KEN
Holdings
Withdrawn status Lost status Damaged status Not for loan Home library Current library Date acquired Source of acquisition Cost, normal purchase price Total Checkouts Full call number Barcode Date last seen Copy number Cost, replacement price Price effective from Koha item type
Withdrawn       Central Library Central Library 03/07/2015 Cen Lib/Ret 25.00   658 KEN A-249053 03/07/2015 1 25.00 03/07/2015 English Books

© Delhi Public Library
Hit Counter
free hit counter